Giáo trình chăn nuôi gia súc nhai lại : (NN338)
Giáo trình trình bày vị trí, tầm quan trọng của chăn nuôi trâu bò trên thế giới và Việt Nam. Đặc điểm của gia súc nhai lại, công tác giống trâu bò
Salvato in:
| Autore principale: | |
|---|---|
| Natura: | Libro |
| Lingua: | Undetermined |
| Pubblicazione: |
Cần Thơ
Trường Đại học Cần Thơ
2009
|
| Soggetti: | |
| Tags: |
Aggiungi Tag
Nessun Tag, puoi essere il primo ad aggiungerne! !
|
| Thư viện lưu trữ: | Trung tâm Học liệu Trường Đại học Cần Thơ |
|---|
| LEADER | 00882nam a2200217Ia 4500 | ||
|---|---|---|---|
| 001 | CTU_155475 | ||
| 008 | 210402s9999 xx 000 0 und d | ||
| 082 | |a 636.2 | ||
| 082 | |b H464 | ||
| 100 | |a Nguyễn, Văn Hớn | ||
| 245 | 0 | |a Giáo trình chăn nuôi gia súc nhai lại : | |
| 245 | 0 | |b (NN338) | |
| 245 | 0 | |c Nguyễn Văn Hớn | |
| 260 | |a Cần Thơ | ||
| 260 | |b Trường Đại học Cần Thơ | ||
| 260 | |c 2009 | ||
| 520 | |a Giáo trình trình bày vị trí, tầm quan trọng của chăn nuôi trâu bò trên thế giới và Việt Nam. Đặc điểm của gia súc nhai lại, công tác giống trâu bò | ||
| 650 | |a Animal culture,Cattle,Ruminantia,Chăn nuôi động vật | ||
| 650 | |x Breeding,Breeding | ||
| 904 | |i Năm | ||
| 980 | |a Trung tâm Học liệu Trường Đại học Cần Thơ | ||